000
00308nam a22001337a 4500
008
170505b xxu||||| |||| 00| 0 eng d
020
_a
9780697385901
041
_a
eng
080
_2
8th
_a
35
100
_a
15
101
_a
SHJ
245
_a
THE CRAFT OF PUBLIC ADMINISTRATION
_c
BERKLEY, G
942
_2
udc
_c
BK
999
_c
12812
_d
12812